10. mezinárodní slévárenský veletrh FOND-EX 2004 je za dveřmi. Mezi jeho odbornými garanty tradičně nechybí Svaz sléváren České republiky, jehož prezidenta, Ing. Vladimíra Stavěníka, jsme požádali o rozhovor

Podrobná bibliografia
Hlavný autor: Kvíčalová, Mirka (Author)
Ďalší autori: Stavěník, Vladimír (Interviewee)
Médium: Článok
Jazyk:Czech
Témy:
Zdroj: 1. Slévárenství 1. 0037-6825 1. Roč. 52, č. 4-5 (2004), s. 182
LEADER 01028nab#a2200289#ar4500
001 000048839
003 SVKKK
005 20040713134423.0
008 040713c2004 xo e cze
FMT
038 |a SVKKK 
040 |a SVKKK  |b slo  |e AACR2 
041 0 |a cze 
044 |a xo  |c SK 
080 |a 061.3:621.74  |2 1997 
100 1 |a Kvíčalová, Mirka  |4 aut 
245 1 0 |a 10. mezinárodní slévárenský veletrh FOND-EX 2004 je za dveřmi. Mezi jeho odbornými garanty tradičně nechybí Svaz sléváren České republiky, jehož prezidenta, Ing. Vladimíra Stavěníka, jsme požádali o rozhovor  |c Otázky kládla Mirka Kvíčalová ; Vladimír Stavěník 
246 3 |a Desáty mezinárodní slévárenský veletrh FOND-EX 2004 ... 
300 |b Fotogr. 
611 2 4 |a FOND-EX 2004  |x veľtrh medzinárodný  |x prípravy 
700 1 |a Stavěník, Vladimír  |4 ive 
773 0 |t Slévárenství  |x 0037-6825  |g Roč. 52, č. 4-5 (2004), s. 182 
974 |a MI 
992 |a RBX 
BAS
852 |a SVKKK  |b BIB 
998 |a HUT